10 Biggest Cities in Each European Country - Statistics

General Stats
  • This quiz has been taken 2,700 times
  • The average score is 132 of 432
Answers on the Map
Answers color-coded by a green-red scale on the quiz's map according to % correct below.
 
Answer Stats
Country Population answer % Correct
Germany 3,662,381 Berlin
90%
France 2,113,705 Paris
89%
Montenegro 15,868 Bar
88%
Germany 1,851,596 Hamburg
88%
United Kingdom 8,776,535 London
88%
Germany 1,488,719 München
88%
Spain 3,422,416 Madrid
87%
Spain 1,686,208 Barcelona
86%
Austria 2,028,289 Wien
86%
Italy 2,746,984 Roma
85%
Ireland 1,263,219 Dublin
84%
Portugal 545,796 Lisboa
84%
United Kingdom 470,411 Manchester
84%
Germany 749,596 Frankfurt am Main
83%
Finland 684,018 Helsinki
83%
Netherlands 1,136,210 Amsterdam
82%
Switzerland 137,963 Bern
82%
Germany 1,024,408 Köln
82%
France 520,774 Lyon
82%
France 877,215 Marseille
82%
Italy 1,366,155 Milano
82%
Norway 724,290 Oslo
82%
Belgium 196,828 Bruxelles
81%
United Kingdom 506,552 Liverpool
81%
Monaco 37,308 Monaco
81%
United Kingdom 631,690 Glasgow
80%
Portugal 231,800 Porto
80%
Sweden 1,809,412 Stockholm
80%
Switzerland 436,370 Zürich
80%
United Kingdom 1,121,408 Birmingham
78%
Russia 13,010,112 Moscow
78%
Italy 908,082 Napoli
78%
France 353,701 Nice
78%
Czechia 1,301,432 Praha
78%
Poland 1,861,599 Warszawa
78%
Denmark 1,378,649 København
77%
Ukraine 2,952,301 Kyïv
77%
Netherlands 868,135 Rotterdam
77%
Germany 613,111 Stuttgart
77%
Spain 824,340 València
77%
Greece 3,146,164 Athínai
76%
Germany 584,332 Bremen
76%
Hungary 1,685,342 Budapest
76%
United Kingdom 505,310 Edinburgh
76%
Germany 608,013 Leipzig
76%
Germany 601,343 Dortmund
75%
Germany 616,319 Düsseldorf
75%
Austria 157,659 Salzburg
75%
Croatia 663,592 Zagreb
75%
Italy 856,745 Torino
74%
Switzerland 208,991 Genève
73%
Latvia 663,012 Rīga
73%
Albania 389,323 Tiranë
73%
France 265,328 Bordeaux
72%
Bulgaria 1,205,548 Sofija
72%
Spain 347,342 Bilbao
71%
Slovakia 478,040 Bratislava
71%
Romania 1,716,961 București
71%
Sweden 339,316 Malmö
71%
Belarus 1,995,471 Minsk
71%
Italy 625,956 Palermo
71%
Spain 686,741 Sevilla
71%
Liechtenstein 6,031 Vaduz
71%
United Kingdom 450,386 Belfast
70%
Norway 293,709 Bergen
69%
Italy 362,353 Firenze
69%
Austria 305,314 Graz
69%
Estonia 439,632 Tallinn
69%
Lithuania 592,156 Vilnius
69%
Belgium 544,759 Antwerpen
68%
Serbia 1,197,714 Beograd
68%
Austria 132,499 Innsbruck
68%
Luxembourg 136,161 Luxembourg
68%
Iceland 135,714 Reykjavík
68%
Bosnia and Herzegovina 348,363 Sarajevo
68%
France 291,709 Strasbourg
68%
United Kingdom 536,321 Leeds
67%
Spain 438,234 Palma
67%
France 511,684 Toulouse
67%
Switzerland 177,522 Basel
66%
Poland 806,201 Kraków
66%
Austria 213,557 Linz
66%
Vatican 453 Vatican City
65%
Ireland 222,526 Cork
64%
France 238,695 Lille
64%
Slovenia 284,293 Ljubljana
64%
Spain 592,346 Málaga
64%
Greece 802,392 Thessaloníki
64%
Poland 487,371 Gdańsk
63%
Italy 563,947 Genova
63%
Sweden 725,729 Göteborg
63%
Russia 5,601,911 Saint Petersburg
63%
Croatia 149,830 Split
63%
Italy 315,473 Bari
62%
San Marino 4,500 San Marino
62%
France 325,070 Nantes
61%
North Macedonia 422,540 Skopje
61%
Italy 390,734 Bologna
59%
Belgium 269,597 Gent
58%
Ukraine 1,010,537 Odesa
58%
Kosovo 143,469 Prishtinë
57%
United Kingdom 425,232 Bristol
56%
Czechia 398,510 Brno
56%
Moldova 532,513 Chișinău
56%
Montenegro 173,024 Podgorica
56%
Ukraine 717,273 L'viv
55%
France 307,101 Montpellier
55%
Norway 216,518 Trondheim
55%
Andorra 20,719 Andorra la Vella
54%
Spain 691,037 Zaragoza
54%
Belgium 119,869 Brugge
53%
Poland 652,015 Łódź
53%
Denmark 295,688 Aarhus
52%
Netherlands 851,010 s-Gravenhage
52%
Ukraine 1,421,125 Charkiv
50%
Netherlands 320,365 Eindhoven
50%
Netherlands 218,105 Groningen
50%
Netherlands 396,315 Utrecht
50%
Ukraine 901,645 Donec'k
49%
Switzerland 144,809 Lausanne
49%
Italy 297,517 Catania
48%
Belgium 195,778 Liège
48%
United Kingdom 500,552 Sheffield
48%
Czechia 174,007 Plzeň
47%
Russia 490,449 Kaliningrad
46%
Portugal 146,543 Braga
45%
Finland 216,152 Oulu
45%
Finland 260,180 Tampere
45%
Finland 206,073 Turku
45%
Sweden 178,098 Uppsala
45%
Denmark 120,700 Aalborg
44%
Belarus 342,461 Brest
44%
Poland 673,743 Wrocław
44%
Spain 358,608 Alicante
43%
Ireland 85,910 Galway
43%
Lithuania 304,210 Kaunas
43%
Spain 471,982 Murcia
43%
Serbia 260,438 Novi Sad
41%
Poland 538,439 Poznań
41%
Greece 162,600 Irákleion
40%
Denmark 183,763 Odense
40%
Ukraine 485,386 Sevastopol'
40%
Norway 150,123 Stavanger
40%
Bulgaria 318,737 Varna
40%
Romania 286,598 Cluj-Napoca
39%
Switzerland 63,621 Lugano
39%
Switzerland 86,217 Luzern
39%
Slovenia 96,302 Maribor
39%
Slovakia 225,044 Košice
38%
Ireland 102,287 Limerick
38%
Serbia 178,976 Niš
38%
Czechia 282,450 Ostrava
38%
Croatia 107,964 Rijeka
38%
Ukraine 968,502 Dnipro
37%
Bulgaria 329,489 Plovdiv
37%
Switzerland 78,839 St. Gallen
37%
Belgium 204,322 Charleroi
36%
Malta 25,152 Mosta
35%
Croatia 52,220 Pula
35%
Croatia 67,309 Zadar
35%
Hungary 199,858 Debrecen
34%
Poland 329,565 Lublin
34%
Romania 250,849 Timișoara
34%
Austria 65,749 Villach
34%
Russia 1,099,344 Krasnodar
32%
Poland 389,066 Szczecin
32%
Finland 320,931 Espoo
31%
Bosnia and Herzegovina 60,195 Mostar
31%
Estonia 106,295 Tartu
31%
Bosnia and Herzegovina 135,059 Banja Luka
30%
Albania 101,728 Durrës
30%
Hungary 127,599 Győr
30%
Moldova 133,807 Tiraspol
30%
Romania 263,688 Constanța
29%
Lithuania 159,403 Klaipėda
29%
Norway 118,221 Kristiansand
29%
Russia 1,142,162 Rostov-on-Don
29%
Bulgaria 189,014 Burgas
28%
Switzerland 120,344 Winterthur
28%
Sweden 104,211 Jönköping
27%
Sweden 120,109 Linköping
27%
Portugal 106,655 Coimbra
26%
Romania 237,589 Brașov
25%
Latvia 75,617 Daugavpils
25%
Sweden 116,029 Helsingborg
25%
Romania 271,692 Iași
25%
Estonia 53,539 Narva
25%
Hungary 158,797 Szeged
25%
Poland 291,688 Białystok
24%
Belarus 501,802 Homieĺ
24%
Croatia 75,535 Osijek
24%
Greece 196,937 Pátrai
24%
Kosovo 41,171 Pejë
24%
Ireland 60,079 Waterford
24%
Switzerland 56,836 Biel
23%
Netherlands 208,270 Haarlem
23%
Slovenia 25,913 Koper
23%
Greece 146,374 Lárisa
23%
Denmark 71,505 Esbjerg
22%
Liechtenstein 6,290 Schaan
22%
Austria 65,482 Wels
22%
Iceland 19,542 Akureyri
21%
Austria 105,256 Klagenfurt am Wörthersee
21%
Czechia 104,340 Liberec
21%
Sweden 129,116 Örebro
21%
Austria 59,767 Sankt Pölten
21%
Albania 61,633 Shkodër
21%
Belgium 126,581 Anderlecht
20%
Slovenia 37,122 Celje
20%
Austria 52,108 Dornbirn
20%
Sweden 98,308 Lund
20%
Belgium 114,142 Namur
20%
Hungary 139,330 Pécs
20%
Netherlands 218,130 Tilburg
20%
Poland 326,434 Bydgoszcz
19%
Czechia 95,664 České Budějovice
19%
Greece 90,185 Chanía
19%
Norway 105,452 Drammen
19%
Czechia 106,063 Olomouc
19%
Portugal 98,470 Setúbal
19%
Romania 234,140 Craiova
18%
Finland 121,337 Lahti
18%
Belgium 104,009 Leuven
18%
Albania 66,320 Vlorë
18%
Russia 1,057,681 Voronezh
18%
Netherlands 273,720 Leiden
17%
Slovakia 76,499 Nitra
17%
North Macedonia 38,818 Ohrid
17%
Estonia 18,732 Pärnu
17%
Finland 251,269 Vantaa
17%
Ukraine 710,052 Zaporižžja
17%
Belarus 358,717 Hrodna
16%
Denmark 52,974 Roskilde
16%
Sweden 131,643 Västerås
16%
Slovakia 80,634 Žilina
16%
Montenegro 20,168 Budva
15%
Romania 217,851 Galați
15%
Finland 149,194 Jyväskylä
15%
Finland 125,666 Kuopio
15%
Latvia 65,961 Liepāja
15%
Ukraine 470,011 Mykolaïv
15%
Romania 183,105 Oradea
15%
Kosovo 76,850 Prizren
15%
Bulgaria 121,168 Ruse
15%
Serbia 88,752 Subotica
15%
Slovakia 62,955 Trnava
15%
Bosnia and Herzegovina 74,457 Tuzla
15%
Czechia 89,713 Ústí nad Labem
15%
Luxembourg 37,922 Esch-sur-Alzette
14%
Hungary 147,533 Miskolc
14%
Slovakia 82,286 Prešov
14%
Latvia 33,274 Ventspils
14%
Netherlands 224,440 Dordrecht
13%
Ireland 43,112 Dundalk
13%
Greece 88,226 Ioánnina
13%
Denmark 64,158 Randers
13%
Belarus 359,148 Viciebsk
13%
Bosnia and Herzegovina 70,553 Zenica
13%
Slovakia 74,065 Banská Bystrica
12%
Ireland 44,135 Drogheda
12%
Luxembourg 22,203 Dudelange
12%
Czechia 92,649 Hradec Králové
12%
Croatia 41,869 Karlovac
12%
Serbia 146,315 Kragujevac
12%
Slovenia 37,605 Kranj
12%
Ukraine 603,904 Kryvyj Rih
12%
Montenegro 54,394 Nikšić
12%
Czechia 89,619 Pardubice
12%
Romania 180,540 Ploiești
12%
Finland 83,305 Pori
12%
Lithuania 110,463 Šiauliai
12%
Moldova 97,930 Bălți
11%
Albania 66,834 Elbasan
11%
Norway 85,862 Fredrikstad
11%
Denmark 62,444 Kolding
11%
Bulgaria 121,249 Stara Zagora
11%
Hungary 95,045 Székesfehérvár
11%
Hungary 78,190 Szombathely
11%
Russia 577,279 Yaroslavl
11%
Portugal 171,454 Amadora
10%
Bosnia and Herzegovina 39,690 Bihać
10%
North Macedonia 69,287 Bitola
10%
Denmark 63,903 Horsens
10%
Latvia 55,862 Jelgava
10%
Latvia 46,940 Jūrmala
10%
Russia 496,403 Lipetsk
10%
Belarus 353,338 Mahiloǔ
10%
Kosovo 33,628 Mitrovicë
10%
Slovenia 23,984 Novo Mesto
10%
Bulgaria 88,565 Pleven
10%
Russia 528,599 Ryazan
10%
San Marino 9,258 Serravalle
10%
Croatia 45,005 Slavonski Brod
10%
Slovakia 54,065 Trenčín
10%
Croatia 36,187 Varaždin
10%
Greece 127,441 Vólos
10%
Lithuania 86,606 Panevėžys
9%
Belarus 124,613 Pinsk
9%
Slovakia 48,741 Poprad
9%
North Macedonia 63,176 Tetovo
9%
Denmark 61,706 Vejle
9%
Portugal 188,421 Vila Nova de Gaia
9%
Liechtenstein 4,806 Balzers
8%
Belarus 136,409 Barysaǔ
8%
Bosnia and Herzegovina 39,893 Brčko
8%
Luxembourg 30,789 Differdange
8%
Andorra 8,326 Encamp
8%
Hungary 108,120 Kecskemét
8%
Albania 43,254 Korçë
8%
North Macedonia 75,051 Kumanovo
8%
Serbia 71,462 Novi Pazar
8%
Hungary 116,282 Nyíregyháza
8%
Malta 38,615 San Pawl Il-Baħar
8%
Liechtenstein 5,705 Triesen
8%
Lithuania 51,353 Alytus
7%
Albania 40,665 Berat
7%
Malta 28,841 Birkirkara
7%
Serbia 69,598 Čačak
7%
Montenegro 12,460 Cetinje
7%
Liechtenstein 4,735 Eschen
7%
Albania 52,926 Fier
7%
Iceland 30,616 Hafnarfjörður
7%
Iceland 39,261 Kópavogur
7%
Norway 95,762 Lillestrøm
7%
Lithuania 36,704 Marijampolė
7%
Slovakia 50,629 Martin
7%
Slovenia 17,880 Ptuj
7%
Belgium 130,405 Schaerbeek
7%
Iceland 9,812 Selfoss
7%
Bulgaria 78,232 Sliven
7%
Montenegro 10,894 Tivat
7%
Serbia 67,129 Zrenjanin
7%
Portugal 95,851 Almada
6%
Ireland 33,512 Bray
6%
Bulgaria 69,434 Dobrič
6%
Latvia 28,365 Rēzekne
6%
Malta 22,037 Sliema
6%
Bulgaria 66,641 Šumen
6%
Ireland 40,776 Swords
6%
Liechtenstein 2,706 Triesenberg
6%
Montenegro 11,488 Ulcinj
6%
Latvia 25,459 Valmiera
6%
Estonia 17,789 Viljandi
6%
Iceland 8,062 Akranes
5%
Belarus 208,611 Babrujsk
5%
Montenegro 11,635 Bijelo Polje
5%
Latvia 22,292 Jēkabpils
5%
Liechtenstein 4,632 Mauren
5%
Latvia 24,355 Ogre
5%
Serbia 73,401 Pančevo
5%
North Macedonia 63,308 Prilep
5%
Lithuania 27,763 Utena
5%
Slovenia 25,396 Velenje
5%
Norway 100,492 Asker
4%
Belarus 172,150 Baranavičy
4%
Bosnia and Herzegovina 41,121 Bijeljina
4%
Bosnia and Herzegovina 24,349 Doboj
4%
Kosovo 41,809 Gjakovë
4%
Kosovo 53,279 Gjilan
4%
Slovenia 13,774 Kamnik
4%
Andorra 5,979 La Massana
4%
Ireland 33,886 Navan
4%
Andorra 3,217 Ordino
4%
Bosnia and Herzegovina 27,970 Prijedor
4%
Estonia 17,855 Rakvere
4%
Liechtenstein 2,553 Ruggell
4%
Croatia 55,313 Sesvete
4%
Serbia 59,261 Smederevo
4%
North Macedonia 42,000 Štip
4%
North Macedonia 33,825 Strumica
4%
North Macedonia 40,664 Veles
4%
San Marino 1,530 Acquaviva
3%
Norway 132,358 Bærum
3%
Russia 520,962 Balashikha
3%
Luxembourg 11,628 Bettembourg
3%
San Marino 6,424 Borgo Maggiore
3%
Moldova 28,763 Cahul
3%
Andorra 2,550 Canillo
3%
San Marino 3,161 Domagnano
3%
Andorra 15,506 Escaldes-Engordany
3%
Kosovo 48,472 Ferizaj
3%
San Marino 2,510 Fiorentino
3%
North Macedonia 32,814 Gostivar
3%
Estonia 13,294 Maardu
3%
Lithuania 33,377 Mažeikiai
3%
Moldova 21,065 Orhei
3%
Luxembourg 21,086 Pétange
3%
Montenegro 16,419 Pljevlja
3%
Malta 19,567 Qormi
3%
Montenegro 10,581 Rožaje
3%
Andorra 7,962 Sant Julià de Lòria
3%
Liechtenstein 1,169 Schellenberg
3%
Moldova 22,196 Soroca
3%
Moldova 91,882 Tighina
3%
Slovenia 13,620 Trbovlje
3%
Moldova 30,804 Ungheni
3%
Greece 100,844 Acharnaí
2%
Portugal 81,006 Agualva-Cacém
2%
Andorra 2,127 Arinsal
2%
Greece 80,672 Chalkís
2%
Moldova 25,060 Dubăsari
2%
San Marino 1,177 Faetano
2%
Liechtenstein 1,782 Gamprin
2%
Iceland 16,544 Garðabær
2%
Luxembourg 17,146 Hesperange
2%
Lithuania 26,838 Jonava
2%
Albania 61,739 Kamëz
2%
Luxembourg 11,368 Mamer
2%
Malta 18,253 Marsaskala
2%
San Marino 910 Monte Giardino
2%
Iceland 13,024 Mosfellsbær
2%
Portugal 73,047 Queluz
2%
Moldova 47,949 Rîbnița
2%
Malta 17,754 Żabbar
2%
Estonia 15,297 Ahtme I
1%
Andorra 2,156 El Pas de la Casa
1%
San Marino 1,000 Falciano
1%
Kosovo 40,962 Fushë Kosovë
1%
Estonia 16,191 Järve
1%
Albania 89,395 Kashar
1%
Iceland 21,847 Keflavík og Njarðvík
1%
Malta 15,815 Msida
1%
Malta 17,836 Naxxar
1%
Luxembourg 19,085 Sanem
1%
Malta 15,697 San Ġwann
1%
Andorra 3,323 Santa Coloma d'Andorra
1%
Luxembourg 11,589 Schifflange
1%
Iceland 4,572 Seltjarnarnes
1%
Kosovo 28,150 Vushtrri
1%
Kosovo 38,360 Matiçan
0%
Estonia 35,382 Pirita
0%
San Marino 951 Poggio di Chiesanuova
0%
No matching quizzes found
Score Distribution
Percent of People with Each Score
Percentile by Number Answered
Your Score History
You have not taken this quiz